[Event "SWE-chT2 1112"]
[Site "Sweden"]
[Date "2011.10.22"]
[Round "1"]
[White "Hanninger, Simon"]
[Black "Wenzel, Birger"]
[Result "1-0"]
[WhiteElo "2125"]
[BlackElo "2063"]
[PlyCount "157"]
[EventDate "2011.10.22"]
[EventType "team-tourn"]
[EventRounds "9"]
[EventCountry "SWE"]
[SourceTitle "EXT 2013"]
[Source "ChessBase"]
[SourceDate "2012.11.22"]
[SourceVersion "1"]
[SourceVersionDate "2012.11.22"]
[SourceQuality "1"]
[WhiteTeam "Farsta"]
[BlackTeam "Wasa"]
[WhiteTeamCountry "SWE"]
[BlackTeamCountry "SWE"]

1. e4 c5 2. Nc3 e6 3. g3 d5 4. exd5 exd5 5. Bg2 d4 6. Nd5 Bd6 7. d3 Nc6 8. Ne2 Nge7 9. Bf4 Nxd5 10. Bxd5 Ne7 11. Bg2 Rb8 12. 0-0 0-0 13. Re1 Ng6 14. Qd2 Nxf4 15. Nxf4 Bxf4 16. Qxf4 Be6 17. Re5 b6 18. Qe4 Qf6 19. Re1 g6 20. a3 Rfc8 21. h3 Kg7 22. Re2 h5 23. f4 Bd7 24. Re7 Bc6 25. Qe5 Qxe5 26. R2xe5 Bxg2 27. Kxg2 a5 28. Kf3 c4 29. Ke4 cxd3 30. Kxd3 Rc5 31. a4 Rbc8 32. Rxc5 Rxc5 33. Rb7 Rc6 34. Rd7 Kf6 35. Rxd4 Ke6 36. c4 Rc5 37. g4 hxg4 38. hxg4 Rc6 39. Rd5 Kf6 40. b3 Ke6 41. Kd4 Ke7 42. Ke4 Rc8 43. Rb5 Rc6 44. Re5+ Kd7 45. Kd4 Rf6 46. Ke4 Rc6 47. Rd5+ Ke7 48. g5 f6 49. gxf6+ Rxf6 50. c5 bxc5 51. Rxc5 Ra6 52. Kd5 Kd7 53. Ke5 Re6+ 54. Kd4 Ra6 55. Rg5 Kc7 56. Kc4 Kc8 57. Kb5 Kb7 58. Re5 Rf6 59. Re7+ Kb8 60. Rg7 Rxf4 61. Kxa5 Rf5+ 62. Kb6 Rf6+ 63. Kc5 Rf5+ 64. Kc4 Rf4+ 65. Kc3 Rf3+ 66. Kb4 Rf4+ 67. Ka3 Rf6 68. a5 Re6 69. b4 Rf6 70. Ka4 Re6 71. b5 Re4+ 72. Kb3 Re3+ 73. Kc4 Re6 74. b6 Rf6 75. Kb5 Re6 76. Ka6 Kc8 77. Ka7 Re5 78. b7+ Kd8 79. b8Q# 1-0

[Event "SWE-chT 1011"]
[Site "Sweden"]
[Date "2010.10.10"]
[Round "3.8"]
[White "Hanninger, Simon"]
[Black "Nylen, Anders"]
[Result "1/2-1/2"]
[WhiteElo "2265"]
[BlackElo "2210"]
[PlyCount "69"]
[EventDate "2010.10.08"]
[EventType "team-tourn"]
[EventRounds "11"]
[EventCountry "SWE"]
[SourceTitle "CBM 138 Extra"]
[Source "ChessBase"]
[SourceDate "2010.10.29"]
[SourceVersion "1"]
[SourceVersionDate "2010.10.29"]
[SourceQuality "1"]
[WhiteTeam "Farsta"]
[BlackTeam "Limhamn"]
[WhiteTeamCountry "SWE"]
[BlackTeamCountry "SWE"]

1. e4 c5 2. Nc3 d6 3. g3 Nc6 4. Bg2 g6 5. d3 Bg7 6. Be3 e6 7. Qd2 Qa5 8. Nge2 Bd7 9. 0-0 Nd4 10. Rab1 Ne7 11. a3 Nec6 12. b4 Qxa3 13. Bxd4 Nxd4 14. Nxd4 cxd4 15. Ne2 Qa6 16. f4 0-0 17. g4 f5 18. exf5 gxf5 19. gxf5 Rxf5 20. Ng3 Rff8 21. f5 Rae8 22. b5 Qb6 23. Nh5 Qd8 24. fxe6 Bxe6 25. Nxg7 Kxg7 26. Bxb7 Kh8 27. Bg2 Qh4 28. Rxf8+ Rxf8 29. Qe1 Qxe1+ 30. Rxe1 Bd7 31. Ra1 Bxb5 32. Rxa7 Rc8 33. Rb7 Ba4 34. Rb4 Bxc2 35. Rxd4 1/2-1/2

[Event "SWE-chT 1011"]
[Site "Sweden"]
[Date "2010.10.09"]
[Round "2.8"]
[White "Hanninger, Simon"]
[Black "Dragicevic, Drazen"]
[Result "0-1"]
[WhiteElo "2265"]
[BlackElo "2301"]
[PlyCount "64"]
[EventDate "2010.10.08"]
[EventType "team-tourn"]
[EventRounds "11"]
[EventCountry "SWE"]
[SourceTitle "CBM 138 Extra"]
[Source "ChessBase"]
[SourceDate "2010.10.29"]
[SourceVersion "1"]
[SourceVersionDate "2010.10.29"]
[SourceQuality "1"]
[WhiteTeam "Farsta"]
[BlackTeam "Lunds"]
[WhiteTeamCountry "SWE"]
[BlackTeamCountry "SWE"]

1. e4 c5 2. Nc3 Nc6 3. g3 g6 4. Bg2 Bg7 5. d3 d6 6. f4 Nf6 7. Nf3 0-0 8. h3 e5 9. 0-0 Nh5 10. Ne2 exf4 11. g4 Ng3 12. Nxg3 fxg3 13. c3 f5 14. Qb3+ Kh8 15. gxf5 gxf5 16. Bg5 Qe8 17. exf5 Bxf5 18. Nh4 Bxd3 19. Rxf8+ Qxf8 20. Qxb7 Qf2+ 21. Kh1 Re8 22. Rg1 Be4 23. Qd7 Rf8 24. Qxd6 Ne5 25. Bh6 Bxg2+ 26. Nxg2 Qf5 27. Bxg7+ Kxg7 28. Qe7+ Kh8 29. Qh4 Rg8 30. Ne3 Qf2 31. Rg2 Qe1+ 32. Rg1 Qxg1+ 0-1

[Event "SWE-chT 0910"]
[Site "Sweden"]
[Date "2010.01.16"]
[Round "6"]
[White "Hanninger, Simon"]
[Black "Safholm, Sten"]
[Result "1-0"]
[WhiteElo "2171"]
[BlackElo "2086"]
[PlyCount "97"]
[EventDate "2009.10.16"]
[EventType "team"]
[EventRounds "11"]
[EventCountry "SWE"]
[SourceTitle "EXT 2011"]
[Source "ChessBase"]
[SourceDate "2010.11.26"]
[SourceVersion "1"]
[SourceVersionDate "2010.11.26"]
[SourceQuality "1"]
[WhiteTeam "Stockholm Rockaden"]
[BlackTeam "Wasa"]
[WhiteTeamCountry "SWE"]
[BlackTeamCountry "SWE"]

1. e4 c5 2. Nc3 Nc6 3. g3 g6 4. Bg2 Bg7 5. d3 d6 6. Be3 Nf6 7. h3 Rb8 8. Nge2 b5 9. Qd2 b4 10. Nd1 Bd7 11. Bh6 Rg8 12. Bxg7 Rxg7 13. 0-0 h5 14. a3 a5 15. axb4 axb4 16. Ne3 Qc8 17. Kh2 Rh7 18. c3 e6 19. Nc4 Ke7 20. Qg5 Qd8 21. f4 Kf8 22. Nxd6 e5 23. Kg1 Ne8 24. Qxd8 Nxd8 25. fxe5 bxc3 26. bxc3 Ke7 27. Nxe8 Kxe8 28. Ra5 Rb2 29. Nf4 Nb7 30. Ra8+ Nd8 31. Nd5 Rh8 32. Rfa1 Bc6 33. R8a6 Kd7 34. h4 Ke6 35. d4 cxd4 36. cxd4 Kd7 37. Ra7+ Ke8 38. Rc7 Kf8 39. Rc1 Bb7 40. Nf4 Rb3 41. Kf2 Rb6 42. d5 Rg8 43. Rd7 Ke8 44. Rd6 Rb2+ 45. Kg1 Rb3 46. Kh2 Rb2 47. Rc7 Ra2 48. Rcd7 Ra8 49. Bf1 1-0

[Event "Wch U18"]
[Site "Kemer"]
[Date "2009.11.18"]
[Round "7"]
[White "Ollier, Pablo"]
[Black "Hanninger, Simon"]
[Result "1-0"]
[WhiteElo "2259"]
[BlackElo "2171"]
[PlyCount "99"]
[EventDate "2009.11.12"]
[EventType "swiss"]
[EventRounds "11"]
[EventCountry "TUR"]
[SourceTitle "EXT 2010"]
[Source "ChessBase"]
[SourceDate "2010.11.25"]
[SourceVersion "1"]
[SourceVersionDate "2010.11.25"]
[SourceQuality "1"]

1. d4 c5 2. d5 Nf6 3. Nc3 e6 4. g3 Nxd5 5. Nxd5 exd5 6. Qxd5 d6 7. Bg2 Nc6 8. c3 Be6 9. Qd1 d5 10. Nh3 Bd6 11. Ng5 Be7 12. Nxe6 fxe6 13. 0-0 0-0 14. e4 d4 15. Qb3 Qd7 16. Bh3 Kf7 17. f4 dxc3 18. bxc3 Na5 19. Qc2 c4 20. Be3 Qd3 21. Qxd3 cxd3 22. Rfd1 Rfd8 23. Bf1 Rac8 24. Bxa7 Rxc3 25. Bb6 Bc5+ 26. Bxc5 Rxc5 27. Rxd3 Rxd3 28. Bxd3 Rc3 29. Bb5 Re3 30. e5 g5 31. Rd1 gxf4 32. gxf4 Rf3 33. Rd4 Ke7 34. Kg2 Ra3 35. Rd7+ Kf8 36. Rxh7 Rxa2+ 37. Kg3 Rb2 38. Bd7 Rb6 39. Bc8 Nc6 40. Bxb7 Ne7 41. Be4 Rb4 42. Kf3 Ra4 43. Rh6 Ra6 44. h4 Kg7 45. Rh7+ Kf8 46. Rh8+ Kg7 47. Rh7+ Kf8 48. h5 Ra1 49. Rh6 Kf7 50. Rf6+ 1-0

[Event "Wch U18"]
[Site "Kemer"]
[Date "2009.11.16"]
[Round "5"]
[White "Hanninger, Simon"]
[Black "Yaksin, Oleg"]
[Result "0-1"]
[WhiteElo "2171"]
[BlackElo "2406"]
[PlyCount "62"]
[EventDate "2009.11.12"]
[EventType "swiss"]
[EventRounds "11"]
[EventCountry "TUR"]
[SourceTitle "EXT 2010"]
[Source "ChessBase"]
[SourceDate "2010.11.25"]
[SourceVersion "1"]
[SourceVersionDate "2010.11.25"]
[SourceQuality "1"]

1. Nf3 Nf6 2. c4 e6 3. g3 b6 4. Bg2 Bb7 5. 0-0 Be7 6. Nc3 0-0 7. d4 Ne4 8. Nxe4 Bxe4 9. Nh4 f5 10. Bxe4 fxe4 11. Ng2 d5 12. Qa4 c6 13. Bf4 Qd7 14. cxd5 exd5 15. Ne3 b5 16. Qb3 Qe6 17. a4 b4 18. Rfc1 Nd7 19. a5 g5 20. Rxc6 Qxc6 21. Nxd5 Kh8 22. Nxe7 Qd6 23. Nd5 Qe6 24. Bxg5 Rf5 25. Qxb4 Qxd5 26. Bf4 Rc8 27. e3 a6 28. Ra3 Rxf4 29. gxf4 Rc1+ 30. Kg2 Qg8+ 31. Kh3 h5 0-1

[Event "Wch U18"]
[Site "Kemer"]
[Date "2009.11.15"]
[Round "4"]
[White "Shyam, Nikil P"]
[Black "Hanninger, Simon"]
[Result "1/2-1/2"]
[WhiteElo "2393"]
[BlackElo "2171"]
[PlyCount "85"]
[EventDate "2009.11.12"]
[EventType "swiss"]
[EventRounds "11"]
[EventCountry "TUR"]
[SourceTitle "EXT 2010"]
[Source "ChessBase"]
[SourceDate "2010.11.25"]
[SourceVersion "1"]
[SourceVersionDate "2010.11.25"]
[SourceQuality "1"]

1. e4 c6 2. d4 d5 3. Nc3 dxe4 4. Nxe4 Bf5 5. Ng3 Bg6 6. h4 h6 7. Nf3 Nd7 8. h5 Bh7 9. Bd3 Bxd3 10. Qxd3 e6 11. Bf4 Qa5+ 12. Bd2 Bb4 13. c3 Be7 14. c4 Qc7 15. 0-0-0 Ngf6 16. Kb1 0-0 17. Ne4 Rad8 18. Nxf6+ Nxf6 19. Qe2 c5 20. Be3 Rfe8 21. Ne5 Nd7 22. Nxd7 Rxd7 23. dxc5 Rxd1+ 24. Rxd1 Bxc5 25. Bc1 Be7 26. Qg4 Kh8 27. Qe4 Rc8 28. f4 Rd8 29. Rxd8+ Qxd8 30. a3 Qd7 31. Qe2 f5 32. Kc2 Bf6 33. g4 fxg4 34. Qxg4 Qa4+ 35. b3 Qd7 36. Qh3 Qd4 37. Qe3 Qa1 38. c5 Bd4 39. Qxe6 Qc3+ 40. Kd1 Qf3+ 41. Kc2 Qc3+ 42. Kd1 Qf3+ 43. Kc2 1/2-1/2

[Event "Wch U18"]
[Site "Kemer"]
[Date "2009.11.12"]
[Round "1"]
[White "Yilmaz, Mustafa"]
[Black "Hanninger, Simon"]
[Result "1-0"]
[WhiteElo "2468"]
[BlackElo "2171"]
[PlyCount "59"]
[EventDate "2009.11.12"]
[EventType "swiss"]
[EventRounds "11"]
[EventCountry "TUR"]
[SourceTitle "EXT 2010"]
[Source "ChessBase"]
[SourceDate "2010.11.25"]
[SourceVersion "1"]
[SourceVersionDate "2010.11.25"]
[SourceQuality "1"]

1. e4 c6 2. Nc3 d5 3. d4 dxe4 4. Nxe4 Bf5 5. Ng3 Bg6 6. Nh3 e6 7. Nf4 Bd6 8. c3 Nf6 9. h4 Bxf4 10. Bxf4 h6 11. h5 Bh7 12. Be2 0-0 13. 0-0 Nd5 14. Bd2 Nd7 15. c4 N5f6 16. Qb3 Qb6 17. Qc3 Ne4 18. Nxe4 Bxe4 19. Qg3 Kh8 20. Bc3 f6 21. Rfe1 Bf5 22. Rad1 Rfe8 23. Qf4 Bh7 24. Bf1 e5 25. dxe5 Nxe5 26. Re3 Nf7 27. Rd7 Rxe3 28. fxe3 Kg8 29. Qd4 Rb8 30. c5 1-0

[Event "SWE-chT2 0910"]
[Site "Sweden"]
[Date "2009.10.24"]
[Round "1"]
[White "Abdollahzadeh, Arash"]
[Black "Hanninger, Simon"]
[Result "1/2-1/2"]
[WhiteElo "2136"]
[BlackElo "2128"]
[PlyCount "188"]
[EventDate "2009.10.24"]
[EventType "team"]
[EventRounds "9"]
[EventCountry "SWE"]
[SourceTitle "EXT 2011"]
[Source "ChessBase"]
[SourceDate "2010.11.26"]
[SourceVersion "1"]
[SourceVersionDate "2010.11.26"]
[SourceQuality "1"]
[WhiteTeam "Mark"]
[BlackTeam "Stockholm Rockaden II"]
[WhiteTeamCountry "SWE"]
[BlackTeamCountry "SWE"]

1. f4 c5 2. Nf3 Nc6 3. g3 g6 4. Bg2 Bg7 5. 0-0 d6 6. d3 e5 7. e4 Nge7 8. c4 0-0 9. Nc3 Bg4 10. h3 Bxf3 11. Bxf3 exf4 12. Bxf4 Nd4 13. Qd2 Rb8 14. Rae1 Be5 15. Bg2 f6 16. g4 Ne6 17. Bh6 Rf7 18. h4 Bg3 19. Re3 Bxh4 20. Nd5 Bg5 21. Bxg5 Nxd5 22. exd5 Nxg5 23. Rfe1 Qd7 24. Re6 Qc7 25. R1e3 Rbf8 26. Re8 Rxe8 27. Rxe8+ Kg7 28. Qe1 Rd7 29. b4 b6 30. bxc5 Qxc5+ 31. Kh1 Qc7 32. Re2 Nf7 33. Qh4 Re7 34. Be4 Ng5 35. Qe1 Qd7 36. Bg2 Rxe2 37. Qxe2 Kf7 38. d4 Qe7 39. Qf2 Qd7 40. c5 bxc5 41. dxc5 dxc5 42. Qxc5 Kg7 43. Qd4 Nf7 44. a4 Qe7 45. Qd2 Qc5 46. a5 Qa3 47. Qe1 Qa4 48. Bf3 Ne5 49. g5 Qf4 50. gxf6+ Qxf6 51. Bg2 Nf3 52. Bxf3 Qxf3+ 53. Kg1 Qxd5 54. Qe7+ Qf7 55. Qe5+ Kh6 56. Qh2+ Kg5 57. Qe5+ Kg4 58. Qd4+ Kg3 59. Qc3+ Qf3 60. Qc7+ Qf4 61. Qc3+ Kh4 62. Qg7 Qe3+ 63. Kg2 Qe2+ 64. Kg1 Qe1+ 65. Kg2 Qe2+ 66. Kg1 Qe3+ 67. Kh2 Qf2+ 68. Kh1 Kg3 69. Qe5+ Qf4 70. Qe1+ Kh3 71. Qc3+ Qg3 72. Qc8+ Qg4 73. Qc3+ Kh4 74. Qe1+ Kh5 75. Qe5+ g5 76. Qg7 Qd1+ 77. Kg2 Qe2+ 78. Kg1 Qe3+ 79. Kg2 Qd2+ 80. Kg1 Qxa5 81. Qxh7+ Kg4 82. Qe4+ Kg3 83. Qg2+ Kh4 84. Qe4+ g4 85. Qe7+ Qg5 86. Qh7+ Kg3 87. Qh2+ Kf3 88. Qg2+ Ke3 89. Qf2+ Kd3 90. Qxa7 Qe3+ 91. Qxe3+ Kxe3 92. Kg2 Kf4 93. Kf2 g3+ 94. Kg2 Kg4 1/2-1/2

[Event "SWE-ch"]
[Site "Kungsor"]
[Date "2009.07.11"]
[Round "13"]
[White "Hillarp Persson, Tiger"]
[Black "Hanninger, Simon"]
[Result "1-0"]
[WhiteElo "2618"]
[BlackElo "2167"]
[PlyCount "79"]
[EventDate "2009.06.28"]
[EventType "tourn"]
[EventRounds "13"]
[EventCountry "SWE"]
[EventCategory "8"]
[SourceTitle "CBM 131 Extra"]
[Source "ChessBase"]
[SourceDate "2009.09.03"]
[SourceVersion "2"]
[SourceVersionDate "2009.09.16"]
[SourceQuality "1"]

1. e4 c6 2. d4 d5 3. e5 Bf5 4. Nf3 e6 5. Be2 Nd7 6. 0-0 Ne7 7. Nbd2 h6 8. Nb3 Bh7 9. Bd2 Nf5 10. a4 Be7 11. a5 a6 12. c4 0-0 13. Rc1 Nh4 14. Nxh4 Bxh4 15. cxd5 cxd5 16. Bb4 Be7 17. Qd2 Nb8 18. Bxe7 Qxe7 19. Nc5 Nc6 20. b4 Rfc8 21. Rfe1 Bf5 22. Bd1 Rc7 23. g3 Bg6 24. h4 Bf5 25. Kg2 Bg6 26. h5 Bf5 27. g4 Bh7 28. Kg3 Rb8 29. f4 Kh8 30. Bc2 Bxc2 31. Rxc2 Rbc8 32. Rcc1 Kg8 33. Re3 Kh8 34. Rf1 g6 35. Re2 Kg7 36. Rh2 Rh8 37. hxg6 fxg6 38. Rfh1 Nd8 39. f5 gxf5 40. Rxh6 1-0

[Event "SWE-ch"]
[Site "Kungsor"]
[Date "2009.07.07"]
[Round "9"]
[White "Cramling, Pia"]
[Black "Hanninger, Simon"]
[Result "1/2-1/2"]
[WhiteElo "2528"]
[BlackElo "2167"]
[PlyCount "70"]
[EventDate "2009.06.28"]
[EventType "tourn"]
[EventRounds "13"]
[EventCountry "SWE"]
[EventCategory "8"]
[SourceTitle "CBM 131 Extra"]
[Source "ChessBase"]
[SourceDate "2009.09.03"]
[SourceVersion "2"]
[SourceVersionDate "2009.09.16"]
[SourceQuality "1"]

1. Nf3 d5 2. g3 Nf6 3. Bg2 c6 4. d3 Bg4 5. Nbd2 Nbd7 6. h3 Bh5 7. 0-0 e6 8. Qe1 Bc5 9. e4 dxe4 10. dxe4 e5 11. Nc4 Qc7 12. a4 0-0 13. b4 Be7 14. Bb2 Bxf3 15. Bxf3 Rfe8 16. Qc3 Bf8 17. Rfd1 b5 18. Ne3 Rac8 19. axb5 cxb5 20. Qe1 Nb6 21. Ra5 Nc4 22. Nxc4 Qxc4 23. c3 Qb3 24. Qe2 a6 25. Ra3 Qe6 26. Kg2 Rc4 27. Rda1 Ra8 28. Re1 Qc6 29. Qd3 Ra7 30. Re3 Rd7 31. Qb1 Be7 32. Qe1 Qb7 33. Ra1 Rd6 34. Re2 Qd7 35. Qb1 h6 1/2-1/2

[Event "SWE-ch"]
[Site "Kungsor"]
[Date "2009.07.06"]
[Round "8"]
[White "Hanninger, Simon"]
[Black "Ernst, Thomas"]
[Result "0-1"]
[WhiteElo "2167"]
[BlackElo "2414"]
[PlyCount "89"]
[EventDate "2009.06.28"]
[EventType "tourn"]
[EventRounds "13"]
[EventCountry "SWE"]
[EventCategory "8"]
[SourceTitle "CBM 131 Extra"]
[Source "ChessBase"]
[SourceDate "2009.09.03"]
[SourceVersion "2"]
[SourceVersionDate "2009.09.16"]
[SourceQuality "1"]

1. e4 c5 2. Nc3 Nc6 3. g3 g6 4. Bg2 Bg7 5. d3 d6 6. Be3 e5 7. Qd2 Nge7 8. f4 0-0 9. Nf3 Nd4 10. 0-0 Rb8 11. h3 b5 12. Nd1 b4 13. Nh4 exf4 14. Bxf4 Ne6 15. Bh6 Nc6 16. Bxg7 Kxg7 17. Nf5+ Kh8 18. Nh6 Ne5 19. h4 f6 20. Ne3 Kg7 21. Nhg4 Bb7 22. Nxe5 dxe5 23. Qf2 Qd4 24. Bh3 Nc7 25. Nc4 Ba6 26. Qxd4 cxd4 27. Na5 Bc8 28. Bxc8 Rfxc8 29. Nc4 Nb5 30. Rf2 h5 31. b3 Na3 32. Nxa3 bxa3 33. Kf1 Rc3 34. Ke1 Rbc8 35. Kd1 Kf7 36. Rc1 Ke6 37. Kd2 f5 38. exf5+ gxf5 39. Re2 a5 40. Ree1 Rg8 41. Rg1 e4 42. Rce1 Ke5 43. Rg2 e3+ 44. Kd1 a4 45. Kc1 0-1

[Event "SWE-ch"]
[Site "Kungsor"]
[Date "2009.07.05"]
[Round "7"]
[White "Grandelius, Nils"]
[Black "Hanninger, Simon"]
[Result "1-0"]
[WhiteElo "2491"]
[BlackElo "2167"]
[PlyCount "37"]
[EventDate "2009.06.28"]
[EventType "tourn"]
[EventRounds "13"]
[EventCountry "SWE"]
[EventCategory "8"]
[SourceTitle "CBM 131 Extra"]
[Source "ChessBase"]
[SourceDate "2009.09.03"]
[SourceVersion "2"]
[SourceVersionDate "2009.09.16"]
[SourceQuality "1"]

1. Nf3 Nf6 2. g3 d5 3. Bg2 c5 4. 0-0 Bf5 5. d4 e6 6. c4 Nc6 7. cxd5 Nxd5 8. Re1 Nf6 9. Qa4 Qa5 10. Qxa5 Nxa5 11. Nc3 Rd8 12. e4 Bg4 13. d5 Bxf3 14. Bxf3 exd5 15. e5 Ne4 16. Nxd5 Rxd5 17. Bxe4 Rxe5 18. Bd2 Nc4 19. Bd5 1-0

[Event "SWE-ch"]
[Site "Kungsor"]
[Date "2009.06.29"]
[Round "2"]
[White "Hanninger, Simon"]
[Black "Blomqvist, Erik"]
[Result "0-1"]
[WhiteElo "2167"]
[BlackElo "2436"]
[PlyCount "98"]
[EventDate "2009.06.28"]
[EventType "tourn"]
[EventRounds "13"]
[EventCountry "SWE"]
[EventCategory "8"]
[SourceTitle "CBM 131 Extra"]
[Source "ChessBase"]
[SourceDate "2009.09.03"]
[SourceVersion "2"]
[SourceVersionDate "2009.09.16"]
[SourceQuality "1"]

1. Nf3 c5 2. c4 Nf6 3. g3 b6 4. Bg2 Bb7 5. 0-0 e6 6. Nc3 Be7 7. Re1 d6 8. e4 a6 9. d4 cxd4 10. Nxd4 Qc7 11. Qe2 Nbd7 12. Bd2 Rc8 13. b3 0-0 14. Rac1 Rfe8 15. h3 Bf8 16. g4 g6 17. Bg5 Bg7 18. Qd2 h5 19. Ndb5 axb5 20. Nxb5 Qc6 21. Nxd6 hxg4 22. hxg4 Nxg4 23. Rcd1 Nc5 24. Qf4 Ne5 25. Nxe8 Rxe8 26. Re3 f6 27. Bxf6 Ncd3 28. Rexd3 Nxd3 29. Rxd3 e5 30. Bxe5 Bxe5 31. Qd2 Qf6 32. Rf3 Qe7 33. Rd3 Qf6 34. Rf3 Qe7 35. Rd3 Qh4 36. Rh3 Rd8 37. Rd3 Rf8 38. Rh3 Qg4 39. Qd3 Qg5 40. Qe3 Qf6 41. Rf3 Bf4 42. Rxf4 Qxf4 43. Qxb6 Bxe4 44. Qe6+ Kg7 45. Qe7+ Kh6 46. Qxe4 Qxf2+ 47. Kh1 Rf4 48. Qe6 Rh4+ 49. Bh3 Qg3 0-1

[Event "Rilton Cup 38th"]
[Site "Stockholm"]
[Date "2008.12.29"]
[Round "3"]
[White "Kolbus, Dietmar"]
[Black "Hanninger, Simon"]
[Result "1/2-1/2"]
[WhiteElo "2414"]
[BlackElo "2144"]
[PlyCount "81"]
[EventDate "2008.12.27"]
[EventType "swiss"]
[EventRounds "9"]
[EventCountry "SWE"]
[SourceTitle "CBM 128 Extra"]
[Source "ChessBase"]
[SourceDate "2009.03.05"]
[SourceVersion "2"]
[SourceVersionDate "2009.03.25"]
[SourceQuality "1"]

1. c4 e5 2. g3 Nc6 3. Bg2 g6 4. Nc3 Bg7 5. Rb1 d6 6. b4 a6 7. e3 Be6 8. Nd5 Qd7 9. Ne2 b5 10. d3 Rb8 11. cxb5 axb5 12. 0-0 Nce7 13. Nec3 c6 14. Nxe7 Nxe7 15. a3 0-0 16. Bb2 h6 17. Qc2 Rfc8 18. Rfc1 c5 19. bxc5 dxc5 20. Ne4 c4 21. dxc4 Rxc4 22. Qe2 Rxc1+ 23. Rxc1 Bc4 24. Qc2 Rd8 25. Bf1 Bxf1 26. Rxf1 Qd3 27. Rc1 Qxc2 28. Rxc2 f5 29. Nc3 Rc8 30. Rd2 Rc5 31. Kf1 e4 32. Ne2 Bxb2 33. Rxb2 Nc6 34. Rb3 b4 35. axb4 Rb5 36. Rc3 Nxb4 37. Rb3 Rb6 38. Nd4 Nd5 39. Rxb6 Nxb6 40. Ke2 Kf7 41. f3 1/2-1/2

[Event "Rilton Cup 38th"]
[Site "Stockholm"]
[Date "2008.12.28"]
[Round "2"]
[White "Hanninger, Simon"]
[Black "Boric, Elena"]
[Result "1/2-1/2"]
[WhiteElo "2144"]
[BlackElo "2292"]
[PlyCount "82"]
[EventDate "2008.12.27"]
[EventType "swiss"]
[EventRounds "9"]
[EventCountry "SWE"]
[SourceTitle "CBM 128 Extra"]
[Source "ChessBase"]
[SourceDate "2009.03.05"]
[SourceVersion "2"]
[SourceVersionDate "2009.03.25"]
[SourceQuality "1"]

1. e4 Nf6 2. e5 Nd5 3. Nc3 e6 4. Nge2 d6 5. Nxd5 exd5 6. d4 dxe5 7. dxe5 Bc5 8. Bf4 c6 9. Qd2 Qb6 10. 0-0-0 Bxf2 11. Nc3 Bc5 12. Na4 Qb4 13. Nxc5 Qxc5 14. Be2 Be6 15. h4 Nd7 16. h5 h6 17. g4 a5 18. Rhg1 Qb4 19. Qe3 a4 20. g5 a3 21. b3 0-0-0 22. gxh6 gxh6 23. Bxh6 Rxh6 24. Qxh6 Qc3 25. Qf4 c5 26. Bg4 Nxe5 27. Bxe6+ fxe6 28. Rg3 Qb2+ 29. Kd2 Nc6 30. Qe3 Qf6 31. Rg6 Qh4 32. Qxe6+ Kb8 33. Rg4 Qxh5 34. Rg8 Qh2+ 35. Kc1 Qf4+ 36. Kb1 d4 37. Rxd8+ Nxd8 38. Qd5 Qc7 39. Re1 Nf7 40. Rg1 Qe7 41. Qf5 Ka7 1/2-1/2

[Event "Stockholm Junior DM"]
[Site "Stockholm"]
[Date "2008.07.14"]
[Round "8"]
[White "Hanninger, Simon"]
[Black "Westerberg, Jonathan"]
[Result "1-0"]
[WhiteElo "2080"]
[BlackElo "1896"]
[PlyCount "57"]
[EventDate "2008.07.06"]
[EventType "tourn"]
[EventRounds "9"]
[EventCountry "SWE"]
[SourceTitle "EXT 2024"]
[Source "ChessBase"]
[SourceDate "2023.10.10"]
[SourceVersion "1"]
[SourceVersionDate "2023.10.10"]
[SourceQuality "1"]

1. e4 c6 2. c4 g6 3. Nc3 Bg7 4. d4 d6 5. f4 Nf6 6. Nf3 0-0 7. Be3 Bg4 8. Be2 Nfd7 9. 0-0 Na6 10. Qd2 Nc7 11. h3 Bxf3 12. Bxf3 Nb6 13. b3 d5 14. cxd5 cxd5 15. e5 Qd7 16. g4 f6 17. Bg2 a5 18. f5 e6 19. g5 gxf5 20. gxf6 Bxf6 21. exf6 Rxf6 22. Bf4 Ne8 23. Kh2 Nd6 24. Rg1 Kf8 25. Bf3 Nf7 26. Rg3 Nc8 27. Bh5 Ncd6 28. Rag1 Ne8 29. Be5 1-0

[Event "Stockholm Junior DM"]
[Site "Stockholm"]
[Date "2008.07.13"]
[Round "7"]
[White "Hanninger, Simon"]
[Black "Larsson, Daniel"]
[Result "0-1"]
[WhiteElo "2080"]
[BlackElo "2018"]
[PlyCount "152"]
[EventDate "2008.07.06"]
[EventType "tourn"]
[EventRounds "9"]
[EventCountry "SWE"]
[SourceTitle "EXT 2024"]
[Source "ChessBase"]
[SourceDate "2023.10.10"]
[SourceVersion "1"]
[SourceVersionDate "2023.10.10"]
[SourceQuality "1"]

1. Nc3 e6 2. Nf3 d5 3. e4 dxe4 4. Nxe4 Nf6 5. Ng3 Bd7 6. Bc4 Bc6 7. 0-0 Nbd7 8. Re1 Bd6 9. Ng5 0-0 10. Nxf7 Rxf7 11. Bxe6 Bd5 12. Bxf7+ Bxf7 13. Nf5 Ne5 14. d3 Neg4 15. h3 Bh5 16. Qd2 Ne5 17. Qg5 Bg6 18. Nxd6 cxd6 19. Be3 Qc7 20. Rac1 Qd7 21. Bd4 Nf7 22. Qh4 Nd5 23. a3 Nh6 24. Bc3 Rc8 25. Bd2 Nf5 26. Qg4 Qf7 27. c4 Nf6 28. Qf4 Rf8 29. g4 Nh4 30. g5 Ne4 31. Qxf7+ Rxf7 32. dxe4 Nf3+ 33. Kg2 Nxd2 34. Re2 Bxe4+ 35. Kh2 Nf3+ 36. Kg3 Bc6 37. Rc3 Nxg5 38. Rce3 Nf3 39. Re8+ Rf8 40. Rxf8+ Kxf8 41. b4 Ng5 42. b5 Bd7 43. h4 Ne6 44. Rd2 Nc5 45. f3 Ke7 46. Re2+ Be6 47. Rc2 Kd7 48. h5 Ke7 49. Kf4 Kf6 50. Rc3 Bf7 51. Kg4 Nd7 52. f4 Nc5 53. Rc2 Be6+ 54. Kf3 Kf5 55. Rg2 Kf6 56. Rc2 Nb3 57. Ke3 Bf7 58. h6 gxh6 59. Rc3 Nc5 60. Kf3 h5 61. Rc2 Bg6 62. Rd2 Bd3 63. Rh2 Kg6 64. Rg2+ Kf6 65. Rd2 h6 66. Rd1 Kf5 67. Rd2 h4 68. Rd1 Be4+ 69. Ke3 h3 70. Rd2 Bg2 71. Rxd6 h2 72. Rxh6 h1Q 73. Rxh1 Bxh1 74. Kd4 b6 75. Kc3 Kxf4 76. Kb4 Ke4 0-1

[Event "Rilton Cup 37th"]
[Site "Stockholm"]
[Date "2007.12.29"]
[Round "3"]
[White "Stjazhkina, Olga"]
[Black "Hanninger, Simon"]
[Result "1-0"]
[WhiteElo "2315"]
[BlackElo "2129"]
[PlyCount "107"]
[EventDate "2007.12.27"]
[EventType "swiss"]
[EventRounds "9"]
[EventCountry "SWE"]
[SourceTitle "CBM 122 Extra"]
[Source "ChessBase"]
[SourceDate "2008.03.04"]
[SourceVersion "1"]
[SourceVersionDate "2008.03.04"]
[SourceQuality "1"]

1. e4 c6 2. c4 d5 3. exd5 cxd5 4. cxd5 Nf6 5. Nc3 Nxd5 6. Nf3 Nc6 7. Bb5 e6 8. 0-0 Be7 9. Ne5 Bd7 10. Bxc6 Bxc6 11. Nxc6 bxc6 12. Qa4 0-0 13. d4 Nxc3 14. bxc3 c5 15. Be3 cxd4 16. Bxd4 Bf6 17. Rfd1 Bxd4 18. Rxd4 Qc7 19. Rc4 Qe5 20. Rd1 Rfd8 21. Rcd4 Rxd4 22. Qxd4 Qxd4 23. Rxd4 Rc8 24. Kf1 g5 25. Rd3 Rc4 26. Ke2 Kg7 27. Kd1 Ra4 28. Rd2 Kf6 29. Rb2 Ra3 30. Kd2 a6 31. Kd3 Ke5 32. Kc4 Ra5 33. Rd2 f5 34. Kb4 Rb5+ 35. Ka4 h5 36. c4 Rc5 37. Kb4 Rc6 38. c5 h4 39. h3 g4 40. Kc4 gxh3 41. gxh3 Rc8 42. Re2+ Kf6 43. Rb2 Ke5 44. Rb6 Rd8 45. Rxa6 Rd2 46. f3 Rh2 47. Ra3 f4 48. Rd3 Rc2+ 49. Kb5 Rxa2 50. c6 Rb2+ 51. Ka6 Rc2 52. Kb7 Kf5 53. c7 Rb2+ 54. Kc6 1-0